CONCRETE MICROSTRUCTURE PROPERTIES AND MATERIAL (Record no. 44560)
[ view plain ]
| 000 -LEADER | |
|---|---|
| fixed length control field | 00419nam a22001697a 4500 |
| 003 - CONTROL NUMBER IDENTIFIER | |
| control field | OSt |
| 005 - DATE AND TIME OF LATEST TRANSACTION | |
| control field | 20240104111136.0 |
| 008 - FIXED-LENGTH DATA ELEMENTS--GENERAL INFORMATION | |
| fixed length control field | 181103b xxu||||| |||| 00| 0 eng d |
| 020 ## - INTERNATIONAL STANDARD BOOK NUMBER | |
| International Standard Book Number | 9789339204761 |
| 040 ## - CATALOGING SOURCE | |
| Transcribing agency | IIMT UNIVERSITY |
| 100 ## - MAIN ENTRY--PERSONAL NAME | |
| Personal name | METHA P.K |
| 245 ## - TITLE STATEMENT | |
| Title | CONCRETE MICROSTRUCTURE PROPERTIES AND MATERIAL |
| 250 ## - EDITION STATEMENT | |
| Edition statement | 4 TH |
| 260 ## - PUBLICATION, DISTRIBUTION, ETC. | |
| Place of publication, distribution, etc. | T.M.H |
| Name of publisher, distributor, etc. | BANSAL BOOK DIS |
| Date of publication, distribution, etc. | 02/11/18 |
| 300 ## - PHYSICAL DESCRIPTION | |
| Extent | 675 |
| 942 ## - ADDED ENTRY ELEMENTS (KOHA) | |
| Source of classification or shelving scheme | |
| Koha item type | Book Bank |
| Withdrawn status | Lost status | Source of classification or shelving scheme | Damaged status | Not for loan | Home library | Current library | Date acquired | Source of acquisition | Cost, normal purchase price | Inventory number | Total Checkouts | Barcode | Date last seen | Date last checked out | Uniform Resource Identifier | Price effective from | Koha item type | Public note | Total Renewals |
|---|---|---|---|---|---|---|---|---|---|---|---|---|---|---|---|---|---|---|---|
| IIMT University Central Library Meerut | IIMT University Central Library Meerut | 11/02/2018 | BANSAL BOOK DISTRIBUTER | 375.00 | 6497 02/11/18 | 1 | 01-B-127546 | 11/30/2019 | 10/15/2019 | civil engg | 11/03/2018 | Reference Book | |||||||
| IIMT University Central Library Meerut | IIMT University Central Library Meerut | 11/02/2018 | BANSAL BOOK DISTRIBUTER | 375.00 | 6497 02/11/18 | 01-B-127547 | 11/03/2018 | civil engg | 11/03/2018 | Book Bank | |||||||||
| IIMT University Central Library Meerut | IIMT University Central Library Meerut | 11/02/2018 | BANSAL BOOK DISTRIBUTER | 375.00 | 6497 02/11/18 | 2 | 01-B-127548 | 12/21/2023 | 09/25/2019 | civil engg | 11/03/2018 | Book Cost Paid | Write off (Book cost paid to Account Department) | ||||||
| IIMT University Central Library Meerut | IIMT University Central Library Meerut | 11/02/2018 | BANSAL BOOK DISTRIBUTER | 375.00 | 6497 02/11/18 | 1 | 01-B-127549 | 04/03/2026 | 10/03/2025 | civil engg | 11/03/2018 | Book Bank | |||||||
| IIMT University Central Library Meerut | IIMT University Central Library Meerut | 11/02/2018 | BANSAL BOOK DISTRIBUTER | 375.00 | 6497 02/11/18 | 4 | 01-B-127550 | 03/18/2025 | 02/18/2025 | civil engg | 11/03/2018 | Book Bank | 1 |

